000 00629nam a2200193Ia 4500
003 GCL
008 140319s9999 xx 000 0 ara d
040 _aGCL /
_cGCL
082 0 4 _a254.2
_bس ف
100 1 _aسميرة سيد سليمان بيومى
245 1 0 _aقذف النكاح فى الشريعة الاسلامية /
_cسميرة سيد سليمان بيومى
260 _a[S.N] :
_bدار الطباعة المحمدية ،
_c1980
300 _a184 ص
490 _a
650 0 4 _aالطلاق
650 0 4 _aالشريعة الاسلامية
650 0 4 _aالفرقة بين الزوجين
942 _2ddc
_cBK
999 _c47878
_d47878